| 000 | | | 05239nac2a22003133x 450 |
| 001 | | | 3e5aceb0-b281-4bab-aa70-48fc96762cb7 |
| 005 | | | 20211209185650.0 |
| 100 | ## | $a | 20211120l19081909k y0rusy50 ca |
| 101 | 0# | $a | rus |
| 102 | ## | $a | RU |
| 105 | ## | $a | y z |||e| |
| 122 | 2# | $a | d19081231 |
| | $a | d19091231 |
| 200 | 1# | $a | Здановская В. По делу об аресте мужа. Приложены два отношения товарища министра внутренних дел - Курлова П. Г. - Звегинцову А. И. об удовлетворении ходатайства Здановской и черновик письма Звегинцова А. И. - Курлову П. Г. |
| | $j | 1908-1909 |
| 215 | ## | $a | 15 листов |
| 251 | ## | $c | Дело |
| 300 | ## | $a | Заголовок дела на папке: Письма и телеграммы Здановской В. - Звегинцеву Ал. Ив. (По вопросу об аресте ее мужа Владислава Адольфовича Здановского. Приложены: 2 письма Товарища Министра внутренних дел - Павла Григорьевича Курлова - Звегинцеву Ал. Ив. об удовлетворении ходатайства Здановского и др. и черновик письма Звегинцева - П. Гр. Курлову о деле Здановского) |
| 300 | ## | $a | Листы: 1, 3 - телеграммы |
| 300 | ## | $a | Рукописный и машинописный текст |
| 330 | ## | $a | Входит в раздел описи: 1. Письма к А. И. Звегинцову. 2/ Письма по служебной деятельности А. И. Звегинцова |
| 461 | #0 | $1 | 001fc48e33c-c630-4015-85dd-2f2aab656f45 |
| | $1 | 2001 |
| | $a | Звегинцев Александр Иванович, помещик Воронежской губернии, депутат III Государственной думы, член партии "Союз 17 октября" |
| | $1 | 251 |
| | $c | Фонд |
| | $1 | 852 |
| | $j | 932 |
| 462 | #0 | $1 | 001ddcf82e7-7bd9-4c5e-b7f1-85df8b3febb3 |
| | $1 | 2001 |
| | $a | Дела постоянного хранения. 1899-1913 гг. |
| | $v | Д. 172 |
| | $1 | 251 |
| | $c | Опись |
| | $1 | 852 |
| | $j | 1 |
| 517 | 1# | $a | Письма и телеграммы Здановской В. - Звегинцеву Ал. Ив. (По вопросу об аресте ее мужа Владислава Адольфовича Здановского. Приложены: 2 письма Товарища Министра внутренних дел - Павла Григорьевича Курлова - Звегинцеву Ал. Ив. об удовлетворении ходатайства Здановского и др. и черновик письма Звегинцева - П. Гр. Курлову о деле Здановского) |
| 600 | #1 | $a | Звегинцев |
| | $b | А. И. |
| | $g | Александр Иванович |
| 600 | #1 | $a | Здановская |
| | $b | В. |
| 600 | #1 | $a | Здановский |
| | $b | В. А. |
| | $g | Владислав Адольфович |
| 600 | #1 | $a | Курлов |
| | $b | П. Г. |
| | $g | Павел Григорьевич |
| 801 | #0 | $a | RU |
| | $b | GA_RF |
| 801 | #1 | $a | RU |
| | $b | ГлавНИВЦ |
| | $c | 20211120 |
| | $2 | rusmarc |
| 801 | #2 | $a | RU |
| | $b | ПБ им. Б.Н. Ельцина |
| | $c | 20211209 |
| | $g | RCR |
| | $2 | rusmarc |
| 852 | ## | $a | ГА РФ |
| | $j | 172 |
| 937 | ## | $d | 171375060 |
| | $h | ГАРФ |
| 035 | ## | $a | RuPRLIB51062446 |
| 856 | ## | $u | http://readingroom.main.prlib.ru/item.aspx?id_node=n171375060&mode=full |